| 000 | 02837cam a2200397 a 4500 | ||
|---|---|---|---|
| 001 | 1663810 | ||
| 005 | 20221220135233.0 | ||
| 008 | 970908s1996 enk b 101 0 eng d | ||
| 010 | _a 97191914 | ||
| 020 | _a1859730590 (cloth) | ||
| 020 | _a1859730647 (paper) | ||
| 035 | _a(OCoLC)35780007 | ||
| 040 |
_aMU _cMU _dWU _dDLC |
||
| 042 | _alccopycat | ||
| 050 | 0 | 0 |
_aJZ43 _b.W67 1994 |
| 082 | 0 | 0 |
_a320.15,THE _221 |
| 245 | 0 | 4 |
_aThe new world order : _bsovereignty, human rights, and the self-determination of peoples / _cedited by Mortimer Sellers. |
| 260 |
_aOxford ; _aWashington, D.C. : _bBerg, _c1996. |
||
| 300 |
_axii, 340 p. ; _c22 cm. |
||
| 440 | 0 |
_aNationalism and internationalism, _x1360-9335 _9105387 |
|
| 505 | _aMortimer Sellers, Introduction (Page-1), Robert McCorquodale, Human Rights and Self-Determination (Page-9), Gerry J. Simpson, The Diffusion of Sovereignty: Self-Determinations in the Post-Colonial Age (Page-35), Vladimir Rudnitsky, Self-Determination in a Modern World: Conceptual Development and Practical Application (Page-71), Nergis Canefe, Sovereignty Without Nationalism? A Critical Assessment of Minority Rights Beyond the Sovereign Nation-State Model (Page-91), Sohail H. Hashmi, Self-Determination and Secession in Islamic Thought (Page-117), Stephanie Lawson, Self-Determination as Ethnocracy: Perspectives from the South Pacific (Page-153), René Provost, Problems of Indeterminacy and Characterization in the Application of Humanitarian Law (Page-177), Gian Luca Burci, United Nations Peacekeeping Operations in Situations of Internal Conflict (Page-237), Philippe Ch. A. Guillot, Human Rights, Democracy, and the Multidimensional Peace Operations of the United Nations (Page-273), Nira Wickramasinghe, From Human Rights to Good Governance: The Aid Regime in the 1990s (Page-305). | ||
| 610 | 2 | 0 |
_aUnited Nations _xCongresses. _9105388 |
| 650 | 0 |
_aInternational relations _xCongresses. _9105389 |
|
| 650 | 0 |
_aSovereignty _xCongresses. _9105390 |
|
| 650 | 0 |
_aHuman rights _xCongresses. _9105391 |
|
| 650 | 0 |
_aSelf-determination, National _xCongresses. _9105392 |
|
| 650 | 0 |
_aWorld politics _y1989- _xCongresses. _9105393 |
|
| 700 | 1 |
_aSellers, M. N. S. _q(Mortimer N. S.) _9105394 |
|
| 711 | 2 |
_aWorkshop on International Organization studies _d(1994 : _cBrown university) _9105395 |
|
| 856 | 4 | 2 |
_3Contributor biographical information _uhttp://www.loc.gov/catdir/enhancements/fy0601/97191914-b.html |
| 856 | 4 | 2 |
_3Publisher description _uhttp://www.loc.gov/catdir/enhancements/fy0601/97191914-d.html |
| 856 | 4 | 1 |
_3Table of contents only _uhttp://www.loc.gov/catdir/enhancements/fy0601/97191914-t.html |
| 906 |
_a7 _bcbc _ccopycat _d2 _encip _f19 _gy-gencatlg |
||
| 942 |
_2ddc _cBK _k320.15,THE |
||
| 999 |
_c592745 _d592745 |
||